000 01707nam0a2200337 i 4500
001 RU\NLR\BIBL_A\010689920
005 20241103132453.0
010 _a9785906735072
_9100
021 _aRU
_b2015-1390
_985
035 _a(NILC)RuMoRGB-007851085
035 _a(NLR Aleph) 010689920
090 _a9680678
_c9680678
100 _a20150305d2014 k y0rusy50 ca
101 0 _arus
102 _aRU
105 _aa|||z|||100yy
200 1 _aИнновационная наука в глобализующемся мире
_eматериалы международной научно-практической конференции (Уфа, 5-6 марта 2014 г.)
_f[редкол.: Искужин Т.С., к.ю.н., доц. (отв. ред.) и др.]
210 _aУфа
_cРИО ИЦИПТ
_d2014
215 _a255 с.
_cил.
_d21
300 _aВ надзаг.: Исслед. центр информ.-правовых технологий
320 _aБиблиогр. в конце ст.
606 _aИнновации научные
_jСъезды, совещания и т.п
_92092891
_3RU\NLR\AUTH\661266599
686 1 _aЧ21я431
702 1 _aИскужин
_bТ. С.
_gТагир Салимович
_4340
711 1 2 _a"Инновационная наука в глобализующемся мире", международная научно-практическая конференция
_eУфа
_f2014
_9451518
_3RU\NLR\AUTH\880392821
801 0 _aRU
_bРГБ
_c20150121
_gRCR
801 1 _aRU
_bРГБ
_c20150121
_2rusmarc
942 _cBOOK
980 _aNBR